000 00500nam a2200169 a 4500
005 20260425165635.0
008 260318s2026##################000#0#eng##
020 _a9780033717943
_qhbk
041 _aeng
082 0 4 _a338.9 SET
100 _asetterfield,mark
245 1 0 _aGrowth , Employment and Inflation
_bEssays in Honour of John Cornwall
_c/Mark Setterfield ;
260 _a Great Britain:
_bMACMILLAN PRESS LTD,
_c1999
300 _a278p. :
_c20cm
650 _aProduction
942 _cENGLISH
999 _c617974
_d617974